000 00490nam a22002177a 4500
003 UA-OsUOA
001 47018
007 ta
008 20070709b un ||||| |||| 00| 0 ukr d
100 _aБрагинский А.
090 _a778
_bБ87
942 _cBK
040 _aUA-OsUOA
_brus
_cUA-OsUOA
_dUA-OsUOA
245 _aАктеры французского кино
955 _a2
041 _arus
080 _a778
260 _aМ.
_c1988
650 7 _2UDC
999 _c333127
_d333127